A jövőbe vezető út - A fenntarthatósági marketing beépítése a vállalati stratégiába

Bibliográfiai részletek
Szerző: Szolnok Anna
További közreműködők: Jäckel Dr. Katalin
Dokumentumtípus: Diplomadolgozat
Kulcsszavak:Fenntarthatósági marketing
Fenntarthatóság
Fogyasztói magatartás
Online Access:http://dolgozattar.uni-bge.hu/436

MARC

LEADER 00000nta a2200000 i 4500
001 dolg436
005 20221011105904.0
008 150305suuuu hu om 000 hun d
040 |a BGE Dolgozattár Repozitórium  |b hun 
041 |a hu 
100 1 |a Szolnok Anna 
245 1 2 |a A jövőbe vezető út - A fenntarthatósági marketing beépítése a vállalati stratégiába  |c Szolnok Anna  |h [elektronikus dokumentum] 
695 |a Fenntarthatósági marketing 
695 |a Fenntarthatóság 
695 |a Fogyasztói magatartás 
700 1 |a Jäckel Dr. Katalin  |e ths 
856 4 0 |u http://dolgozattar.uni-bge.hu/436/1/Szolnok%20Anna_A%20J%C3%B6v%C5%91be%20Vezet%C5%91%20%C3%9At.pdf  |z Dokumentum-elérés